|
|
|
|
| LEADER |
00000cam a2200000 c 4500 |
| 001 |
1634678133 |
| 003 |
DE-627 |
| 005 |
20251225204134.0 |
| 007 |
tu |
| 008 |
880503s1987 xxu||||| 00| ||eng c |
| 020 |
|
|
|a 0802836429
|9 0-8028-3642-9
|
| 035 |
|
|
|a (DE-627)1634678133
|
| 035 |
|
|
|a (DE-576)014010194
|
| 035 |
|
|
|a (DE-599)BSZ014010194
|
| 035 |
|
|
|a (DE-604)8074709615
|
| 040 |
|
|
|a DE-627
|b ger
|c DE-627
|e rakwb
|
| 041 |
|
|
|a eng
|
| 044 |
|
|
|c XD-US
|
| 050 |
|
0 |
|a BT82.2
|
| 082 |
0 |
|
|a 207/.79493
|
| 084 |
|
|
|a 1
|2 ssgn
|
| 084 |
|
|
|a BB 1840
|2 rvk
|0 (DE-625)rvk/9164:
|
| 100 |
1 |
|
|0 (DE-588)119474867
|0 (DE-627)080289681
|0 (DE-576)164773975
|4 aut
|a Marsden, George M.
|d 1939-
|
| 109 |
|
|
|a Marsden, George M. 1939-
|a Marsden, George 1939-
|a Marsden, George Mish 1939-
|
| 191 |
|
|
|a 1
|
| 245 |
1 |
0 |
|a Reforming fundamentalism
|b Fuller Seminary and the new evangelicalism
|c by George Marsden
|
| 264 |
|
1 |
|a Grand Rapids, Mich.
|b Eerdmans
|c 1987
|
| 300 |
|
|
|a XIII, 319 S.
|b Ill.
|
| 336 |
|
|
|a Text
|b txt
|2 rdacontent
|
| 337 |
|
|
|a ohne Hilfsmittel zu benutzen
|b n
|2 rdamedia
|
| 338 |
|
|
|a Band
|b nc
|2 rdacarrier
|
| 500 |
|
|
|a Includes bibliographical references and index
|
| 583 |
1 |
|
|a Archivierung prüfen
|c 20200919
|f DE-640
|z 3
|2 pdager
|
| 583 |
1 |
|
|a Archivierung/Langzeitarchivierung gewährleistet
|f SSG
|x XA-DE-BW
|2 pdager
|5 DE-21
|
| 583 |
1 |
|
|a Archivierung prüfen
|c 20240324
|f DE-4165
|z 1
|2 pdager
|
| 601 |
|
|
|a Fundament
|
| 601 |
|
|
|a Evangeliar
|
| 653 |
|
0 |
|a Fundamentalism
|a History
|
| 653 |
|
0 |
|a Evangelicalism
|a United States
|a History
|a 20th century
|
| 653 |
|
0 |
|a Fuller Theological Seminary
|
| 689 |
0 |
0 |
|d p
|0 (DE-588)120776278
|0 (DE-627)080881564
|0 (DE-576)213376504
|2 gnd
|a Fuller, Charles
|d 1939-2022
|
| 689 |
0 |
|
|5 (DE-627)
|
| 689 |
1 |
0 |
|d g
|0 (DE-588)4078704-7
|0 (DE-627)106076612
|0 (DE-576)209209682
|2 gnd
|a USA
|
| 689 |
1 |
1 |
|d s
|0 (DE-588)4153245-4
|0 (DE-627)105532347
|0 (DE-576)209801883
|2 gnd
|a Evangelikale Bewegung
|
| 689 |
1 |
|
|5 (DE-627)
|
| 689 |
2 |
0 |
|d s
|0 (DE-588)4137178-1
|0 (DE-627)104458224
|0 (DE-576)209675438
|2 gnd
|a Fundamentalismus
|
| 689 |
2 |
|
|5 (DE-627)
|
| 787 |
0 |
8 |
|i Rezensiert in
|a Doenecke, Justus D.
|t [Rezension von: Marsden, George M., Reforming Fundamentalism: Fuller Seminary and the New Evangelicalism]
|d 1989
|w (DE-627)1785699849
|
| 787 |
0 |
8 |
|i Rezensiert in
|a Shiels, Richard D.
|t [Rezension von: Marsden, George M., Reforming Fundamentalism. Fuller Seminary and the New Evangelicalism]
|d 1989
|w (DE-627)1784349356
|
| 787 |
0 |
8 |
|i Rezensiert in
|a Durnbaugh, Donald F., 1927 - 2005
|t Reforming Fundamentalism: Fuller Seminary and the New Evangelicalism. George M. Marsden
|d 1989
|w (DE-627)1811601723
|
| 787 |
0 |
8 |
|i Rezensiert in
|a Ferré, John P.
|t Reforming Fundamentalism: Fuller Seminary and the New Evangelicalism, by George M. Marsden. Grand Rapids, MI: Eerdmans, 1987, xiii + 319 pp. 19.95
|d 1989
|w (DE-627)1823102832
|
| 856 |
4 |
2 |
|u https://swbplus.bsz-bw.de/bsz014010194rez.htm
|m B:DE-576;DE-21
|q application/pdf
|v 20151013132410
|x Verlag
|3 Rezension
|7 1
|
| 889 |
|
|
|w (DE-627)01868985X
|
| 935 |
|
|
|a mteo
|
| 935 |
|
|
|i mdedup
|
| 936 |
r |
v |
|a BB 1840
|b Nordamerika
|k Theologie und Religionswissenschaften
|k Allgemeines zur Theologie
|k Theologiegeschichte
|k Theologie und Theologiegeschichte nach Ländern und Gebieten
|k Nordamerika
|0 (DE-627)1270711547
|0 (DE-625)rvk/9164:
|0 (DE-576)200711547
|
| 951 |
|
|
|a BO
|
| ELC |
|
|
|b 1
|
| ITA |
|
|
|a 1
|t 1
|
| LOK |
|
|
|0 000 xxxxxcx a22 zn 4500
|
| LOK |
|
|
|0 001 329005635X
|
| LOK |
|
|
|0 003 DE-627
|
| LOK |
|
|
|0 004 1634678133
|
| LOK |
|
|
|0 005 19990116000000
|
| LOK |
|
|
|0 008 880503||||||||||||||||ger|||||||
|
| LOK |
|
|
|0 040
|a DE-21
|c DE-627
|d DE-21
|
| LOK |
|
|
|0 852
|a DE-21
|
| LOK |
|
|
|0 852 1
|c 28 A 2906
|9 00
|
| LOK |
|
|
|0 935
|a theo
|
| LOK |
|
|
|0 936ln
|a t4.13
|
| LOK |
|
|
|0 939
|a 03-05-88
|b l01
|
| LOK |
|
|
|0 000 xxxxxcx a22 zn 4500
|
| LOK |
|
|
|0 001 3290056406
|
| LOK |
|
|
|0 003 DE-627
|
| LOK |
|
|
|0 004 1634678133
|
| LOK |
|
|
|0 005 20100408034214
|
| LOK |
|
|
|0 008 981116||||||||||||||||ger|||||||
|
| LOK |
|
|
|0 040
|a DE-21-31
|c DE-627
|d DE-21-31
|
| LOK |
|
|
|0 541
|e 97/88 (MW)
|
| LOK |
|
|
|0 852
|a DE-21-31
|
| LOK |
|
|
|0 852 1
|c Ol I f 18
|m p
|9 00
|
| LOK |
|
|
|0 938
|k p
|
| LOK |
|
|
|0 939
|a 16-11-98
|b l01
|
| ORI |
|
|
|a SA-MARC-ixtheoa001.raw
|
| REL |
|
|
|a 1
|
| STA |
0 |
0 |
|a Evangelical movement,Fundamentalism,Fundamentalism,USA,USA,Middle West,USA,USA,USA,USA,USA,America,Confederate States of America,Midwest
|
| STB |
0 |
0 |
|a Fondamentalisme,Fondamentalisme,Mouvement évangélique
|
| STC |
0 |
0 |
|a Fundamentalismo,Fundamentalismo,Movimiento evangelical
|
| STD |
0 |
0 |
|a Integralismo <motivo>,Integralismo,Fondamentalismo,Fondamentalismo,Fondamentalismo (motivo),Fondamentalismo,Movimento evangelicale
|
| STE |
0 |
0 |
|a 基要主义,基要主义,基本教义派,原教旨主义,基本教义派,原教旨主义,福音派运动,福音派
|
| STF |
0 |
0 |
|a 基要主義,基要主義,基本教義派,原教旨主義,基本教義派,原教旨主義,福音派運動,福音派
|
| STG |
0 |
0 |
|a Fundamentalismo,Fundamentalismo,Movimento evangelical
|
| STH |
0 |
0 |
|a Евангельское движение,Фундаментализм (мотив),Фундаментализм
|
| STI |
0 |
0 |
|a Ευαγγελικό κίνημα,Φονταμενταλισμός <μοτίβο>,Φονταμενταλισμός,Θεμελιωτισμός,Θεμελιωτισμός (μοτίβο)
|
| SUB |
|
|
|a REL
|
| SYG |
0 |
0 |
|a Fuller, Charles Henry,Jr.,1939-2022,Fuller, Charles H.,der Jüngere,1939-2022 , United States,United States of America,Vereinigte Staaten,Vereinigte Staaten von Amerika , United States of America,Vereinigte Staaten von Amerika,Amerika <USA>,United States of America,Vereinigte Staaten von Amerika,Amerika <USA>,USA,USA,Nord,Nördliche Vereinigte Staaten,Nordwestamerika,USA,Nordwest,Pazifischer Nordwesten,Mittlerer Westen,USA,Middle West,Mittelwesten,Midwest,USA,Nordost,Nordöstliche Vereinigte Staaten,USA,Südost,Südöstliche Vereinigte Staaten,USA,Ost,Östliche Vereinigte Staaten,Südwestliche USA,USA,Südweststaaten,Südwestliche Vereinigte Staaten,USA,Südwest,USA,West,Westliche Vereinigte Staaten,Nordamerikanische Südstaaten,Konföderierte Staaten von Amerika,Confederate States of America,Südliche Vereinigte Staaten,Südatlantische Staaten,Südöstliche Staaten,United States of America,Vereinigte Staaten von Amerika,Nordamerika,Amerika,United States,United States of America,Etats Unis,Etats-Unis,Vereinigte Staaten,Estados Unidos de America,EEUU,Vereinigte Staaten von Nordamerika,Soedinennye Štaty Ameriki,SŠA,Stany Zjednoczone Ameryki Północnej,Hēnōmenai Politeiai tēs Boreiu Amerikēs,Hēnōmenes Politeies tēs Amerikēs,HēPA,Ēnōmenes Politeies tēs Amerikēs,ĒPA,Meiguo,Etats-Unis d'Amérique,US , Evangelikalismus , Religiöser Fundamentalismus,Religion
|